• 首页
  • 本馆介绍
  • 公告通知
  • 最新文献
  • 馆藏检索
  • 电子资源
  • 读者导购
  • 参考咨询
  • 我的图书馆
  • 登录
  • 详细信息显示
  • 放入我的书架
  • 预约/预借图书
  • 作者相关作品
  • 分类相关作品
  • 丛书相关作品
  • 出版社相关作品

书目信息

  • 表格格式
  • 工作单格式
  • 卡片格式
题名:
邓小平与中美建交风云
    
 
作者: 钱江 著
分册:  
出版信息: 北京   中共党史出版社  2005
页数: 310页
开本: 21cm
丛书名:
单 册:
中图分类: A762 , A762
科图分类:
主题词: 中美关系--国际关系史--史料 , 国际关系史 , 中美关系 , 马克思--生事迹 , 马克思--传记 , 恩格斯--生平事迹 , 恩格斯--传记 , 列宁--生平事迹 , 列宁--传记 , 毛泽东--生平事迹 , 毛泽东--传记
电子资源:
ISBN: 7-80199-190-7
000 01132nam0 2200373 450
001 002843285
005 20061105082722.51
010    @a7-80199-190-7@dCNY22.00
100    @a20050411d2005 em y0chiy0110 ea
101 0  @achi
102    @aCN@b110000
105    @aa z 000yd
200 1  @a邓小平与中美建交风云@9deng xiao ping yu zhong mei jian jiao feng yun@f钱江著
210    @a北京@c中共党史出版社@d2005
215    @a310页@c照片@d21cm
330    @a本书完整地描述了邓小平在中美建交进程中发挥的关键作用,刻画了邓小平在外交领域的杰出建树,展现了伟人的外交家风采。
600  0 @a邓小平@f(1904~1997)
600  0 @a邓小平@f(1904~1997)@x生平事迹
606 0  @a中美关系@x国际关系史@j史料
606 0  @a国际关系史
606 0  @a中美关系
606 0  @a马克思@x生事迹
606 0  @a马克思@x传记
606 0  @a恩格斯@x生平事迹
606 0  @a恩格斯@x传记
606 0  @a列宁@x生平事迹
606 0  @a列宁@x传记
606 0  @a毛泽东@x生平事迹
606 0  @a毛泽东@x传记
690    @aA762@v4
690    @aA762@v3
701  0 @a钱江@9qian jiang@f(1954.12~)@4著
801  0 @aCN@bNLC@c20061105
905    @a10447@dA762@e159
    
    邓小平与中美建交风云/钱江著.-北京:中共党史出版社,2005
    310页:照片;21cm
    
    
    ISBN 7-80199-190-7:CNY22.00
    本书完整地描述了邓小平在中美建交进程中发挥的关键作用,刻画了邓小平在外交领域的杰出建树,展现了伟人的外交家风采。
●
相关链接 在E读中查询图书 在五车中查询图书 在当当中查询图书 在豆瓣中查询图书


正题名:邓小平与中美建交风云     索取号:A762/159         预约/预借

序号 登录号 条形码 馆藏地/架位号 状态 备注
1 0380144   203801449   第一样本阅览室/ [索取号:A762/159] 在馆    
2 0380145   203801458   第一借阅区/ [索取号:A762/159] 在馆    
3 0380146   203801467   第一借阅区/ [索取号:A762/159] 在馆    
4 0380147   203801476   第一借阅区/ [索取号:A762/159] 在馆    
5 0380148   203801485   第一借阅区/ [索取号:A762/159] 在馆    
唐山师范学院图书馆 欢迎您!
大连网信软件有限公司© 版权所有